000 01101cab a22002175a 4500
001 L142003
008 080118s2008 xxk f 000 0 eng d
035 _a(Sirsi) u142003
041 0 _aeng
100 1 _aStocker, Tom
245 0 0 _aAct safely
260 _c2008
490 _aRICS Business
_vJanuary 2008, 24-25(2)
520 _aReviews corporate accountability and the problems with identifying individuals who can be prosecuted under corporate manslaughter charges. Discusses the incoming Corporate Manslaughter and Corporate Homicide Act 2007. Explains how this will remove key obstacles to convicting large organisations, particularly the need to identify a personally responsible senior manager who is guilty of corporate manslaughter. Recommends a review of health and safety procedures and sets out a number of key steps to be taken. Discusses the extent and applicability of the Act.
590 _aKA
650 2 4 _aCORPORATE MANSLAUGHTER AND CORPORATE HOMICIDE ACT 2007
651 4 _aUnited Kingdom
_y
690 _aHealth and safety
_96244
700 1 _aClarke, Fiona
942 _n0
999 _c79698
_d79698